000 00447nab a2200145Ia 4500
003 ES-SlBCS
005 20210601134207.0
008 140529s2009 xxu||||| |||| 00| 0 spa d
041 _aspa
100 1 _aHerrando, Carmen
_9123849
245 0 0 _aJosé Luis Aranguren. Un cristiano en la España del siglo XX
_c Carmen Herrando
600 1 4 _aAranguren
_9214894
773 0 _tAcontecimiento
_gvol. 25, nº. 93, 2009, págs. 9-12
_wRev1000
942 _cAR
999 _c608809
_d608809